National Geographic adventure

Detalles Bibliográficos
Autor Corporativo: National Geographic Society (U.S.)
Formato: Electrónico Revista
Lenguaje:inglés
Publicado: New York, NY : National Geographic Society, c1999-
Materias:
Acceso en línea:Full text available from Research Library: 12/01/2003 to 12/31/2009

MARC

LEADER 00000nas a2200000 a 4500
001 ssj0002651
003 WaSeSS
005 20200512172242.0
006 m d
007 cr n
008 990203d19992010nyubn p s 0 a0eng c
010 |a sn 99008273  
022 |l 1523-6226  |y 1523-6226 
032 |a 017873  |b USPS 
035 |a (WaSeSS)ssj0002651 
037 |b National Geographic Society, 1145 17th St., NW, Washington, DC 20036 
040 |a NSD  |b eng  |c NSD  |d GUA  |d DLC  |d NSD  |d DLC  |d GUA  |d OCLCQ  |d GC0  |d NIALS  |d SINLB  |d GUA  |d OCLCQ  |d DLC  |d CUS  |d OCLCQ  |d OCLCF  |d OCLCO  |d CKK  |d WaSeSS 
042 |a nsdp  |a pcc 
050 0 0 |a GV191.2  |b .N38 
082 1 0 |a 910  |2 13 
082 0 4 |a 796.5  |2 21 
210 0 |a Natl. Geogr. adventure 
222 0 |a National geographic adventure 
245 0 0 |a National Geographic adventure  |h [electronic resource]. 
246 3 0 |a Adventure 
260 |a New York, NY :  |b National Geographic Society,  |c c1999- 
310 |a 8 times a year,  |b 2010 
321 |a Quarterly,  |b 1999 
321 |a Bimonthly,  |b 2000-2001 
321 |a Ten times a year,  |b 2002-2009 
362 0 |a Vol. 1, no. 1 (spring 1999)- 
362 1 |a Ceased with vol. 11, no. 8 (Dec. 2009/Jan. 2010). 
500 |a Title from cover. 
506 |a License restrictions may limit access. 
588 |a Latest issue consulted: Vol. 11, no. 8 (Dec. 2009/Jan. 2010). 
650 0 |a Outdoor recreation  |v Periodicals. 
650 0 |a Adventure and adventurers  |v Periodicals. 
650 7 |a Adventure and adventurers.  |2 fast  |0 (OCoLC)fst00797447 
650 7 |a Outdoor recreation.  |2 fast  |0 (OCoLC)fst01049159 
655 0 |a Electronic journals. 
710 2 |a National Geographic Society (U.S.) 
850 |a DLC  |a GU 
853 2 0 |8 1  |a v.  |b no.  |u 4  |v r  |i (year)  |j (season)  |w q 
853 2 0 |8 2  |a v.  |b no.  |u 6  |v r  |i (year)  |j (month)  |w b 
853 2 0 |8 3  |a v.  |b no.  |u 10  |v r  |i (year)  |j (month)  |w 10 
856 4 0 |z Full text available from Research Library: 12/01/2003 to 12/31/2009  |u https://search.proquest.com/publication/26994 
863 4 1 |8 1.1  |a 1  |b 1  |i 1999  |j 21 
863 4 1 |8 2.1  |a 2  |b 1  |i 2000  |j 01 
863 4 1 |8 3.1  |a 4  |b 1  |i 2002  |j 01